00498nam a2200169Ia 450000500170000000800410001708200130005810000200007124500350009126000490012630000130017565000110018865000130019994200060021295200950021899900150031320240517050413.0240331s9999 xx 000 0 und d bDURa335 aDuraisingham, T 0aCompendium on Marxism Leninism aColombobCouncil for socialist studiesc1993 a108 p ., aSocial aPolitics cL 001040708LaWERCLbWERCLcSSCd2024-03-31l0o 335 DURp3591r2024-03-31w2024-03-31yL c2786d2786